|
|
|
|
| LEADER |
00000nam a2200000 a 4500 |
| 001 |
vtls001268523 |
| 003 |
SK-MaSNL |
| 005 |
20260302065524.0 |
| 008 |
240318s1988 xx 0 und |
| 035 |
|
|
|a SNK000219531
|
| 040 |
|
|
|a SNK
|b slo
|c SNK
|e AACR2
|
| 100 |
1 |
|
|a Vondrejs, Vladimír
|4 aut
|9 514774
|
| 245 |
1 |
0 |
|a Genové a buněčné manipulace 1.
|
| 260 |
|
|
|a Praha
|b Státní pedagogické nakladatelství
|c 1988
|
| 300 |
|
|
|a 141 s.
|
| 958 |
|
|
|a OND
|
| 999 |
|
|
|c 1142421
|d 1144351
|
| 952 |
|
|
|t P60, <04>, [BOOK], {604}
|a SNK
|b SNK
|y VYP
|7 0
|p 17A0025237
|o snkIB 60303/1 D1
|0 0
|1 1
|4 0
|d 1996-12-02
|l 0
|r 2005-01-01 00:00:00
|w 2026-02-24
|